Loading...
| Science - Other Science | 0 | 14 | 0 | 0 | 140 | 28 | 76.57 | 5 | 6 |
| Science - Chemistry | 0 | 10 | 1 | 2 | 95 | 35 | 92.50 | 4 | 6 |
| Science - Physics | 0 | 10 | 5 | 0 | 75 | 56 | 84.20 | 1 | 7 |
| Social Science | 0 | 4 | 0 | 1 | 40 | 108 | 116.50 | 0 | 0 |
| Philosophy | 0 | 3 | 0 | 0 | 30 | 110 | 124.00 | 0 | 0 |
| Current Events | 0 | 2 | 0 | 1 | 20 | 102 | 114.00 | 0 | 0 |
| Science - Biology | 0 | 3 | 3 | 0 | 15 | 47 | 75.67 | 1 | 1 |
| Literature - European Literature | 0 | 1 | 0 | 0 | 10 | 140 | 140.00 | 0 | 0 |
| Fine Arts - Painting & Sculpture | 0 | 1 | 0 | 1 | 10 | 128 | 128.00 | 0 | 0 |
| Religion | 0 | 1 | 0 | 0 | 10 | 91 | 91.00 | 0 | 0 |
| Other Academic | 0 | 1 | 0 | 0 | 10 | 107 | 107.00 | 0 | 0 |
| History - Other History | 0 | 1 | 0 | 0 | 10 | 127 | 127.00 | 0 | 0 |
| Literature - American Literature | 0 | 0 | 0 | 0 | 0 | 0.00 | 0 | 0 |